Normal view
MARC view
Entry Geographic Name
001 - CONTROL NUMBER
- control field: 10901
003 - CONTROL NUMBER IDENTIFIER
- control field: BD-RjUL
005 - DATE AND TIME OF LATEST TRANSACTION
- control field: 20240117104457.0
008 - FIXED-LENGTH DATA ELEMENTS
- fixed length control field: 240117|| aca||aabn | a|a d
040 ## - CATALOGING SOURCE
- Original cataloging agency: BD-RjUL
- Transcribing agency: BD-RjUL
151 ## - HEADING--GEOGRAPHIC NAME
- Geographic name: Egypt
- General subdivision: History
- Chronological subdivision: To 332 B.C
670 ## - SOURCE DATA FOUND
- Source citation: Work cat.: (BD-RjUL)82653: علي، رمضان عبده. ;; Sayed, Ramadan. 10900, تاريخ مصر القديم / ;; Tārīkh Miṣr al-qadīm /, 1951